[Event "Arad op 7th"]
[Site "Arad"]
[Date "2014.08.04"]
[Round "1"]
[White "Dobrin, Catalin"]
[Black "Lukovic, Vladimir"]
[Result "0-1"]
[WhiteElo "1819"]
[BlackElo "2396"]
[PlyCount "42"]
[EventDate "2014.08.04"]
[EventType "swiss"]
[EventRounds "9"]
[EventCountry "ROU"]
[SourceTitle "CBM 161 Extra"]
[Source "ChessBase"]
[SourceDate "2014.08.29"]
[SourceVersion "1"]
[SourceVersionDate "2014.08.29"]
[SourceQuality "1"]

1. d4 d5 2. c4 c6 3. Nf3 Nf6 4. Nc3 a6 5. Bf4 dxc4 6. a4 Nd5 7. Bxb8 Rxb8 8. a5 b5 9. axb6 Qxb6 10. e4 Qxb2 11. Nxd5 cxd5 12. exd5 e6 13. Bxc4 Qc3+ 14. Nd2 Bb4 15. Bxa6 0-0 16. Bxc8 Rfxc8 17. dxe6 Re8 18. Ra2 Rxe6+ 19. Kf1 Qd3+ 20. Kg1 Bxd2 21. h3 Re1+ 0-1

[Event "Arad op"]
[Site "Arad"]
[Date "2012.07.27"]
[Round "1"]
[White "Dobrin, Catalin"]
[Black "Suba, Mihai"]
[Result "0-1"]
[WhiteElo "1875"]
[BlackElo "2428"]
[PlyCount "64"]
[EventDate "2012.07.27"]
[EventType "swiss"]
[EventRounds "9"]
[EventCountry "ROU"]
[SourceTitle "CBM 149 Extra"]
[Source "ChessBase"]
[SourceDate "2012.08.24"]
[SourceVersion "1"]
[SourceVersionDate "2012.08.24"]
[SourceQuality "1"]

1. d4 Nf6 2. c4 e6 3. Nc3 Bb4 4. Qc2 0-0 5. a3 Bxc3+ 6. Qxc3 h6 7. Nf3 b6 8. Bf4 Bb7 9. e3 d6 10. Be2 Nbd7 11. 0-0 Ne4 12. Qc2 f5 13. h3 Qe7 14. Nd2 e5 15. dxe5 dxe5 16. Bh2 Nxd2 17. Qxd2 Rad8 18. Qc3 Qg5 19. f3 f4 20. exf4 exf4 21. Rad1 Ne5 22. Rxd8 Rxd8 23. Qc1 Ng6 24. b4 c5 25. bxc5 Re8 26. Qd2 bxc5 27. Bd1 Re3 28. Kh1 Nh4 29. Bxf4 Qxf4 30. Qd8+ Kh7 31. Bc2+ Nf5 32. Qd7 Be4 0-1

[Event "Albena op 19th"]
[Site "Albena"]
[Date "2011.06.25"]
[Round "1"]
[White "Farago, Ivan"]
[Black "Dobrin, Catalin"]
[Result "1-0"]
[WhiteElo "2448"]
[BlackElo "1893"]
[PlyCount "59"]
[EventDate "2011.06.25"]
[EventType "swiss"]
[EventRounds "9"]
[EventCountry "BUL"]
[SourceTitle "CBM 143 Extra"]
[Source "ChessBase"]
[SourceDate "2011.08.29"]
[SourceVersion "1"]
[SourceVersionDate "2011.08.29"]
[SourceQuality "1"]

1. d4 d5 2. c4 c6 3. Nf3 Nf6 4. Nc3 dxc4 5. a4 Bf5 6. Ne5 Nbd7 7. Nxc4 Qc7 8. g3 e5 9. dxe5 Nxe5 10. Bf4 Nfd7 11. Bg2 Be6 12. Nxe5 Nxe5 13. 0-0 Bd6 14. Ne4 Be7 15. Qd4 f6 16. Ng5 Bg8 17. Bh3 h6 18. Ne6 Bxe6 19. Bxe6 Qd6 20. Qxd6 Bxd6 21. a5 Ke7 22. Bh3 a6 23. Rfc1 Rhd8 24. Be3 Bc7 25. Rc3 Rd5 26. f4 Nd7 27. Rb3 Rb5 28. Rd3 Rd8 29. b4 Rxb4 30. Rad1 1-0

[Event "Ploiesti Conpet op"]
[Site "Ploiesti"]
[Date "2010.10.31"]
[Round "8"]
[White "Dobrin, Catalin"]
[Black "Iordache, Adrian"]
[Result "0-1"]
[WhiteElo "1883"]
[BlackElo "2001"]
[PlyCount "90"]
[EventDate "2010.10.23"]
[EventType "swiss"]
[EventRounds "9"]
[EventCountry "ROU"]
[SourceTitle "EXT 2012"]
[Source "ChessBase"]
[SourceDate "2011.11.24"]
[SourceVersion "1"]
[SourceVersionDate "2011.11.24"]
[SourceQuality "1"]

1. d4 d5 2. c4 e6 3. Nc3 c6 4. cxd5 exd5 5. Nf3 Bd6 6. Bg5 Ne7 7. e3 Bf5 8. Bd3 Bxd3 9. Qxd3 Na6 10. 0-0 Nc7 11. Rfe1 Ne6 12. Bh4 0-0 13. Rab1 a5 14. Qc2 f5 15. Ng5 Nxg5 16. Bxg5 h6 17. Bh4 Qc7 18. Bxe7 Qxe7 19. g3 h5 20. Qe2 h4 21. Qh5 hxg3 22. hxg3 Qf7 23. Qxf7+ Rxf7 24. Kg2 g5 25. Rh1 f4 26. exf4 gxf4 27. Rh6 Bf8 28. Rg6+ Bg7 29. Rg4 Raf8 30. f3 fxg3 31. Rxg3 Re7 32. Rh1 Rf4 33. Kf2 Rxd4 34. Rg4 Rd2+ 35. Kg3 Rxb2 36. Nd1 Rxa2 37. Nf2 Ree2 38. Nh3 Rg2+ 39. Kh4 Rxg4+ 40. fxg4 Re2 41. Rf1 a4 42. Nf4 Re8 43. Ng6 a3 44. Rf2 Bb2 45. Kh5 a2 0-1

[Event "Ploiesti Conpet op"]
[Site "Ploiesti"]
[Date "2010.10.30"]
[Round "7"]
[White "Adoamnei, Roxana Antonela"]
[Black "Dobrin, Catalin"]
[Result "0-1"]
[WhiteElo "1959"]
[BlackElo "1883"]
[PlyCount "78"]
[EventDate "2010.10.23"]
[EventType "swiss"]
[EventRounds "9"]
[EventCountry "ROU"]
[SourceTitle "EXT 2012"]
[Source "ChessBase"]
[SourceDate "2011.11.24"]
[SourceVersion "1"]
[SourceVersionDate "2011.11.24"]
[SourceQuality "1"]

1. d4 d5 2. Nf3 Nf6 3. e3 Bf5 4. c4 c6 5. Qb3 Qb6 6. Nc3 e6 7. c5 Qc7 8. Nh4 Bg6 9. f4 Be7 10. Be2 Bh5 11. Nf3 0-0 12. h3 Nbd7 13. Bd2 b6 14. cxb6 axb6 15. a3 c5 16. g4 Bg6 17. Nb5 Qb7 18. 0-0 Ne4 19. Be1 cxd4 20. exd4 Rac8 21. Nh4 Bxh4 22. Bxh4 Nd2 23. Qb4 Nxf1 24. Nd6 Qc7 25. Nxc8 Rxc8 26. Rxf1 Be4 27. Be1 Qc2 28. Rf2 Qb1 29. Rf1 Rc2 30. Bd2 Qxb2 31. Qxb2 Rxb2 32. Rd1 Ra2 33. Bb5 Nf8 34. Bb4 Ng6 35. Rc1 h6 36. Bd6 Nh4 37. a4 Nf3+ 38. Kf1 Nxd4 39. Bc7 Bg2+ 0-1

[Event "Uxbridge A2Bmedialtd.com-E"]
[Site "Uxbridge"]
[Date "2009.08.15"]
[Round "6"]
[White "Dobrin, Catalin"]
[Black "Tobisch, John"]
[Result "1/2-1/2"]
[WhiteElo "1908"]
[BlackElo "1897"]
[PlyCount "50"]
[EventDate "2009.08.12"]
[EventType "tourn"]
[EventRounds "9"]
[EventCountry "ENG"]
[SourceTitle "EXT 2012"]
[Source "ChessBase"]
[SourceDate "2011.11.24"]
[SourceVersion "1"]
[SourceVersionDate "2011.11.24"]
[SourceQuality "1"]

1. d4 e6 2. c4 f5 3. Nc3 Nf6 4. Bg5 Bb4 5. Qc2 b6 6. a3 Bxc3+ 7. Qxc3 Bb7 8. f3 h6 9. Bh4 0-0 10. e3 Qe8 11. Bd3 Qh5 12. Bg3 d6 13. Ne2 Nbd7 14. 0-0-0 Rae8 15. Qc2 Qf7 16. Nc3 a6 17. e4 fxe4 18. Nxe4 Nxe4 19. fxe4 e5 20. Rdf1 Qe7 21. d5 Qg5+ 22. Qd2 Qxd2+ 23. Kxd2 Nc5 24. Bc2 Rxf1 25. Rxf1 Rf8 1/2-1/2

[Event "Uxbridge A2Bmedialtd.com-E"]
[Site "Uxbridge"]
[Date "2009.08.12"]
[Round "1"]
[White "Davda, Rahil P"]
[Black "Dobrin, Catalin"]
[Result "1-0"]
[WhiteElo "1834"]
[BlackElo "1908"]
[PlyCount "83"]
[EventDate "2009.08.12"]
[EventType "tourn"]
[EventRounds "9"]
[EventCountry "ENG"]
[SourceTitle "EXT 2012"]
[Source "ChessBase"]
[SourceDate "2011.11.24"]
[SourceVersion "1"]
[SourceVersionDate "2011.11.24"]
[SourceQuality "1"]

1. d4 d5 2. c4 c6 3. Nf3 Nf6 4. Nc3 dxc4 5. a4 Bf5 6. Ne5 e6 7. Nxc4 Be7 8. f3 0-0 9. e4 Bg6 10. Be3 Nbd7 11. Bd3 c5 12. dxc5 Nxc5 13. Bc2 Qc7 14. Nb5 Qc8 15. Qe2 a6 16. Nb6 Qc6 17. Nxa8 Rxa8 18. Nd4 Qb6 19. Nb3 Qb4+ 20. Bd2 Qb6 21. Ba5 Qd6 22. e5 Qd5 23. Rd1 Nd3+ 24. Bxd3 Qxb3 25. exf6 Bxf6 26. Bxg6 hxg6 27. Rd3 Qxa4 28. Bc3 Qa1+ 29. Qd1 Bxc3+ 30. bxc3 Qb2 31. 0-0 Rc8 32. Rd8+ Rxd8 33. Qxd8+ Kh7 34. Qd3 b5 35. h3 Qa3 36. Rd1 Qc5+ 37. Qd4 Qg5 38. Qg4 Qe3+ 39. Kh2 f5 40. Qh4+ Kg8 41. Rd8+ Kf7 42. Qd4 1-0

[Event "Ploiesti Conpet op"]
[Site "Ploiesti"]
[Date "2007.09.24"]
[Round "5"]
[White "Dobrin, Catalin"]
[Black "Florescu, Alin Cristian"]
[Result "1/2-1/2"]
[WhiteElo "1955"]
[BlackElo "1958"]
[PlyCount "70"]
[EventDate "2007.09.22"]
[EventType "swiss"]
[EventRounds "9"]
[EventCountry "ROU"]
[SourceTitle "EXT 2010"]
[Source "ChessBase"]
[SourceDate "2010.11.25"]
[SourceVersion "1"]
[SourceVersionDate "2010.11.25"]
[SourceQuality "1"]

1. d4 d5 2. c4 e6 3. Nc3 c6 4. cxd5 exd5 5. Qc2 Nf6 6. Bg5 Be7 7. e3 0-0 8. Bd3 h6 9. Bh4 Nbd7 10. Nf3 Nb6 11. 0-0 Be6 12. Ne5 Nbd7 13. Bg3 Nh5 14. Nxd7 Qxd7 15. Be5 Bf6 16. Bxf6 Nxf6 17. b4 Qd6 18. Rab1 Ng4 19. g3 a6 20. Na4 Nf6 21. Rfc1 Bg4 22. Nc5 Rab8 23. a4 Rfc8 24. Bf5 Bxf5 25. Qxf5 Rc7 26. b5 axb5 27. axb5 Ra8 28. bxc6 bxc6 29. Rb6 g6 30. Qb1 Nd7 31. Rb7 Nxc5 32. Rxc7 Qxc7 33. Rxc5 Rb8 34. Qc1 Rc8 35. Kg2 Kg7 1/2-1/2

[Event "Ploiesti Conpet op"]
[Site "Ploiesti"]
[Date "2007.09.23"]
[Round "3"]
[White "Dobrin, Catalin"]
[Black "Adoamnei, Roxana Antonela"]
[Result "0-1"]
[WhiteElo "1955"]
[BlackElo "2023"]
[PlyCount "90"]
[EventDate "2007.09.22"]
[EventType "swiss"]
[EventRounds "9"]
[EventCountry "ROU"]
[SourceTitle "EXT 2010"]
[Source "ChessBase"]
[SourceDate "2010.11.25"]
[SourceVersion "1"]
[SourceVersionDate "2010.11.25"]
[SourceQuality "1"]

1. d4 c5 2. d5 e5 3. e4 d6 4. Nc3 a6 5. a4 Be7 6. f4 exf4 7. Bxf4 Qb6 8. Qc1 Bf6 9. a5 Qc7 10. Nf3 Ne7 11. Nd2 Ng6 12. Bg3 Qe7 13. Bd3 Ne5 14. 0-0 h5 15. Nc4 Nxc4 16. Bxc4 h4 17. e5 dxe5 18. Bf2 Bf5 19. Bxh4 Rxh4 20. Rxf5 Rxc4 21. Qf1 Rb4 22. Re1 Nd7 23. Ne4 Rxb2 24. Qf2 Rb5 25. g4 Bh4 26. Qf3 Bxe1 27. Rxf7 Qh4 28. Nd6+ Kd8 29. Nxb5 axb5 30. Qf5 Qf2+ 31. Qxf2 Bxf2+ 32. Kxf2 Rxa5 33. Rxg7 Ra2 34. h4 Rxc2+ 35. Kg3 Rc3+ 36. Kg2 b4 37. h5 b3 38. h6 b2 39. h7 b1Q 40. h8Q+ Kc7 41. Rxd7+ Kxd7 42. Qg7+ Kd6 43. Qf6+ Kxd5 44. Qf7+ Kd4 45. Qd7+ Ke3 0-1

[Event "Ploiesti Master op"]
[Site "Ploiesti"]
[Date "2003.06.06"]
[Round "8"]
[White "Pepene, Gheorghe"]
[Black "Dobrin, Catalin"]
[Result "1-0"]
[WhiteElo "2159"]
[BlackElo "2031"]
[PlyCount "83"]
[EventDate "2003.05.30"]
[EventType "swiss"]
[EventRounds "9"]
[EventCountry "ROU"]
[SourceTitle "EXT 2004"]
[Source "ChessBase"]
[SourceDate "2003.11.25"]
[SourceVersion "1"]
[SourceVersionDate "2003.11.25"]
[SourceQuality "1"]

1. e4 c6 2. d3 d5 3. Nd2 e5 4. Ngf3 Bd6 5. g3 Nf6 6. Bg2 0-0 7. 0-0 Re8 8. h3 Nbd7 9. Re1 Nf8 10. b3 Ng6 11. Nh2 Qc7 12. Ng4 Nxg4 13. hxg4 Be6 14. c4 d4 15. a3 a5 16. Nf1 b5 17. a4 bxc4 18. dxc4 Bb4 19. Nd2 Rab8 20. Bf1 Rb7 21. Bd3 Reb8 22. Rb1 Qd7 23. f3 c5 24. Kf2 Rb6 25. Rh1 Qb7 26. Qg1 Bxd2 27. Bxd2 Rxb3 28. Qh2 Bxc4 29. Qxh7+ Kf8 30. Rxb3 Bxb3 31. Bb5 Qb6 32. Bg5 Ne7 33. Qh8+ Ng8 34. Rh7 Qg6 35. Rxg7 Qxg7 36. Be7+ Kxe7 37. Qxg7 Kd6 38. f4 exf4 39. gxf4 Kc7 40. Qe5+ Kb7 41. Qxc5 Rc8 42. Ba6+ 1-0

[Event "Ploiesti Master op"]
[Site "Ploiesti"]
[Date "2003.06.01"]
[Round "3"]
[White "Anuta, Laurentiu"]
[Black "Dobrin, Catalin"]
[Result "1/2-1/2"]
[WhiteElo "2117"]
[BlackElo "2031"]
[PlyCount "122"]
[EventDate "2003.05.30"]
[EventType "swiss"]
[EventRounds "9"]
[EventCountry "ROU"]
[SourceTitle "EXT 2004"]
[Source "ChessBase"]
[SourceDate "2003.11.25"]
[SourceVersion "1"]
[SourceVersionDate "2003.11.25"]
[SourceQuality "1"]

1. e4 c6 2. d4 d5 3. exd5 cxd5 4. Bd3 Nc6 5. c3 Qc7 6. Na3 a6 7. Nc2 Nf6 8. Ne2 Bg4 9. Ne3 Bh5 10. Qc2 e6 11. Nf1 Bg6 12. Bxg6 hxg6 13. Bf4 Bd6 14. Bxd6 Qxd6 15. Nfg3 b5 16. a3 a5 17. Qd3 Ke7 18. h3 Rhc8 19. 0-0 b4 20. cxb4 axb4 21. a4 Rc7 22. Rfc1 Rac8 23. Nf1 Na5 24. f3 Rxc1 25. Rxc1 Rxc1 26. Nxc1 Qc6 27. Qd1 b3 28. Nxb3 Qxa4 29. Nfd2 Nh5 30. Qa1 Qxa1+ 31. Nxa1 Nf4 32. b4 Nc6 33. Nc2 Ne2+ 34. Kf2 Nexd4 35. Nxd4 Nxd4 36. Nb1 Kd6 37. Na3 Nc6 38. Nc2 Kc7 39. Ke3 Kb6 40. Kd3 Kb5 41. Kc3 d4+ 42. Kb3 d3 43. Na3+ Kb6 44. Nc4+ Kb5 45. Nd6+ Kb6 46. Nxf7 Nxb4 47. Ne5 Kc5 48. Kc3 Nd5+ 49. Kd2 Nf4 50. Nxd3+ Nxd3 51. Kxd3 Kd5 52. Ke3 g5 53. Kd3 Ke5 54. g3 Kd5 55. Kc3 Kc5 56. Kc2 Kd4 57. Kd2 e5 58. Ke2 e4 59. fxe4 Kxe4 60. Kf2 g4 61. hxg4 g5 1/2-1/2

[Event "Eforie Nord op"]
[Site "Eforie Nord"]
[Date "2002.??.??"]
[Round "7"]
[White "Geanta, Horia"]
[Black "Dobrin, Catalin"]
[Result "1-0"]
[WhiteElo "2313"]
[BlackElo "2067"]
[PlyCount "55"]
[EventDate "2002.??.??"]
[EventType "swiss"]
[EventRounds "11"]
[EventCountry "ROU"]
[SourceTitle "EXT 2003"]
[Source "ChessBase"]
[SourceDate "2002.11.25"]
[SourceVersion "1"]
[SourceVersionDate "2002.11.25"]
[SourceQuality "1"]

1. e4 c6 2. d4 d5 3. e5 c5 4. dxc5 e6 5. Be3 Qc7 6. Nf3 Bxc5 7. Bxc5 Qxc5 8. c3 Ne7 9. Bd3 Bd7 10. Qe2 Ng6 11. g3 Qc7 12. 0-0 Bc6 13. Re1 Nd7 14. Nbd2 0-0 15. Nb3 Ba4 16. Nbd4 Nc5 17. Bxg6 hxg6 18. Ng5 b6 19. Qg4 Ne4 20. Rxe4 dxe4 21. Qh4 Rfd8 22. Qh7+ Kf8 23. Ngxe6+ fxe6 24. Nxe6+ Kf7 25. Nxc7 Rh8 26. e6+ Kf6 27. Nd5+ Kxe6 28. Nf4+ 1-0

[Event "Ciocaltea Memorial op"]
[Site "Bucharest"]
[Date "2000.??.??"]
[Round "5"]
[White "Dobrin, Catalin"]
[Black "Filip, Lucian Ioan"]
[Result "0-1"]
[WhiteElo "2064"]
[BlackElo "2197"]
[PlyCount "90"]
[EventDate "2000.02.??"]
[EventType "swiss"]
[EventRounds "7"]
[EventCountry "ROU"]
[SourceTitle "EXT 2001"]
[Source "ChessBase"]
[SourceDate "2000.11.22"]
[SourceVersion "1"]
[SourceVersionDate "2000.11.22"]
[SourceQuality "1"]

1. d4 Nf6 2. c4 g6 3. Nc3 Bg7 4. e4 d6 5. Nf3 0-0 6. Be2 e5 7. 0-0 Nc6 8. d5 Ne7 9. b4 c6 10. Qb3 a5 11. Ba3 axb4 12. Bxb4 c5 13. Ba3 Nh5 14. Rfe1 f5 15. Ng5 Nf4 16. Ne6 Bxe6 17. dxe6 Nxe6 18. Nb5 Nc6 19. Bb2 Kh8 20. Bf3 Ncd4 21. Nxd4 cxd4 22. exf5 gxf5 23. Bd5 Nc5 24. Qh3 e4 25. Red1 d3 26. Rd2 Qg5 27. Bxg7+ Qxg7 28. Rb1 Qe7 29. Rbb2 Ra7 30. Qh6 Qf6 31. Qxf6+ Rxf6 32. Bxb7 Na4 33. Rb3 Nc5 34. Rbb2 Na4 35. Rb3 Nc5 36. Rbb2 f4 37. Bd5 e3 38. fxe3 fxe3 39. Rd1 Kg7 40. Bf3 Re7 41. Re1 Na4 42. Rbb1 Nc3 43. Ra1 d2 44. Rf1 Rxf3 45. gxf3 e2 0-1

[Event "Centrocoop June op-B"]
[Site "Eforie Nord"]
[Date "1998.??.??"]
[Round "?"]
[White "Dobrin, Catalin"]
[Black "Tzyganova, Serafima"]
[Result "0-1"]
[WhiteElo "1750"]
[BlackElo "1650"]
[PlyCount "55"]
[EventDate "1998.06.??"]
[EventType "swiss"]
[EventRounds "11"]
[EventCountry "ROU"]
[SourceTitle "EXT 2000"]
[Source "ChessBase"]
[SourceDate "1999.11.16"]
[SourceVersion "1"]
[SourceVersionDate "1999.11.16"]
[SourceQuality "1"]

1. d4 Nc6 2. d5 Ne5 3. e4 Ng6 4. Nf3 e5 5. dxe6 fxe6 6. Bc4 Bc5 7. 0-0 N8e7 8. Nc3 0-0 9. Qd3 Nc6 10. a3 Nce5 11. Nxe5 Nxe5 12. Qe2 Qh4 13. Be3 Bd6 14. f4 Nxc4 15. Qxc4 c6 16. g3 Qh3 17. e5 b5 18. Qd3 Bc7 19. Bc5 Bb6 20. Ne4 Qf5 21. Rad1 d5 22. Bxb6 dxe4 23. Qd6 axb6 24. Qxc6 Rb8 25. Qxb5 e3 26. Qd3 Qxd3 27. cxd3 e2 28. Rfe1 0-1